Technika administratívy formuláre a predtlače pre nácvik hospodárskych písomností : ... učeb. pomôcka pre stred. ekon. školy a ekon. školy

Bibliographic Details
Main Authors: Horvát, Dezider (Author), Kyndl, Ján (Ing.) (Author)
Format: Book
Language:Slovak
PhysicalDescription:
Published: Bratislava Slovenské pedagogické nakladateľstvo 1965
Edition:5. vyd.
Subjects:

MARC

LEADER 00000cam a2200000 a 4500
001 vtls008334108
003 SK-MaSNL
005 20260302003752.0
008 240318s1965 xo d 000 0 slo
015 |a SNBA1965/11-02500 
035 |a SK01SNK19650026325 
035 |a SKM000028788 
040 |a SNK  |b slo  |c SNK  |e AACR2 
041 0 |a slo 
044 |a xo  |c SK 
080 |a 651(075.3)  |2 1981 
100 1 |a Horvát, Dezider  |4 aut  |9 296267 
245 1 0 |a Technika administratívy  |b formuláre a predtlače pre nácvik hospodárskych písomností : ... učeb. pomôcka pre stred. ekon. školy a ekon. školy  |c [autori:] D. Horvát - J. Kyndl 
250 |a 5. vyd. 
260 |a Bratislava  |b Slovenské pedagogické nakladateľstvo  |c 1965 
300 |c 4° 
366 |e 81000 výt. 
500 |a Tlačivá rôz. veľkostí 
650 0 7 |a administratíva  |2 SNKPH  |9 642 
655 7 |a učebnice stredných škôl  |2 SNKPH  |9 69323 
700 1 |a Kyndl, Ján  |c (Ing.)  |4 aut  |9 5046 
852 |a Slovenská národná knižnica v Martine  |b 10000  |h SB 11693 
852 |a Slovenská národná knižnica v Martine  |b 10000  |h SB 11693 D1 
958 |a OND 
958 |a RK 
958 |a TL 
958 |a UC 
999 |c 993263  |d 995193 
952 |a SNK  |b SNK  |y PREZ  |7 0  |p 17A0797245  |o snkSB 11693  |i snkKSP 5512/65  |0 0  |1 0  |4 0  |d 2015-01-23  |f 1  |l 0  |r 2025-03-12 00:00:00  |w 2026-02-24 
952 |a SNK  |b SNK  |y VYP  |7 0  |o snkSB 11693 D1  |i snkKSP 5513/65  |0 0  |1 0  |4 0  |d 2015-01-23  |l 0  |r 2026-02-24 11:55:44  |w 2026-02-24